| 000 | 00622nam a2200193 i 4500 | ||
|---|---|---|---|
| 001 | 74092 | ||
| 003 | ES-MaACL | ||
| 005 | 20250918175713.0 | ||
| 007 | t| | ||
| 008 | 040915s1953 sp |||| | spa d | ||
| 100 | 1 |
_aGonzález Climent, Anselmo. _958512 |
|
| 245 | 1 | 0 |
_aAndalucía en los toros, el cante y la danza / _cAnselmo González Climent ; prólogo de Alberto Insúa. |
| 260 |
_aMadrid : _b[s.n., _c1953] ( _fE. Sánchez Leal) |
||
| 300 |
_a397 p. ; _c22 cm. |
||
| 650 | 0 | 4 |
_aFolklore- _zAndalucía. _912914 |
| 700 | 1 |
_aInsúa, Alberto, _d1885-1963 _965346 |
|
| 852 |
_aES-MaACL _jC-5752 |
||
| 999 |
_c74092 _d74092 |
||